| 000 | 00437nam a2200145 a 4500 | ||
|---|---|---|---|
| 001 | 000024046 | ||
| 005 | 20200930022655.0 | ||
| 008 | 110118s1960 mx r 000 0 spa d | ||
| 040 |
_aDO-SdBNP _bspa _cBNPHU |
||
| 082 |
_axxxxx _bP153v |
||
| 245 | 0 | 3 |
_aLa palabra de vida : _bel nuevo testamento de nuestro señor Jesucristo. |
| 260 |
_aMéxico, D. F. : _bSociedades Bíblicas Unidas, _c1960. |
||
| 300 |
_a420 p. ; _c16 cm. |
||
| 049 | _aBNGR | ||
| 999 |
_c23541 _d23541 |
||